Culture Générale - Série 2578 - Statistiques

Statistiques générales
  • Ce quiz a été pris 118 fois
  • Le résultat moyen est 5 sur 10
Statistiques - réponses
Question Réponse % Correct
De quel pays Oulan-Bator est-il la capitale ? Mongolie
92%
Quel département d'outre-mer a été touché par une épidémie de chikungunya en 2005-2006 ? Réunion
76%
Quel était le prénom du sculpteur Rodin ? Auguste
75%
Où se trouve le volcan de la Soufrière ? Guadeloupe
70%
Qui a créé le personnage de Gargantua ? Rabelais
55%
Parler mal (une langue) - 11 lettres commençant par "b" baragouiner
48%
En quelle année le tournoi des cinq nations de rugby est-il devenu celui des six nations ? 2000
47%
Quel était le prénom de l'anthropologue Lévi-Strauss (1908-2009) ? voir photo Claude
38%
A quel art du spectacle est associé le nom de Philippina Bausch, alias Pina Bausch (1940-2009) ? danse
38%
Homme qui vit d'escroqueries, de procédés indélicats - 8 lettres commençant par "a" aigrefin
6%
Aucun quiz correspondant
Distribution des résultats
% des personnes avec chaque résultat
Percentile par nombre de réponses
Votre historique - résultats
Vous n’avez pas pris ce quiz